IDGAF - Dua Lipa (All Lyrics) - Statistics

General Stats
  • This quiz has been taken 1,178 times
  • The average score is 336 of 426
Answer Stats
Lyrics % Correct
I
100%
I'll
100%
I'm
100%
I've
100%
a
98%
f***.
98%
You
97%
you
97%
you,
97%
you.
97%
you're
97%
you've
97%
don't
96%
give
93%
me
93%
me.
93%
So
92%
So,
92%
to
90%
your
90%
Your
90%
Go
87%
no
86%
tell
85%
up,
85%
up.
85%
up
85%
all
83%
too
83%
(Too
83%
we
83%
it,
82%
it
82%
it.
82%
it's
82%
my
82%
on
82%
call
81%
love.
81%
say
81%
but
80%
But
80%
now.
80%
Now
80%
now.)
80%
'Cause
79%
'Cause,
79%
need
79%
off.
79%
off
79%
sorry,
79%
friend
78%
that
78%
That's
78%
boy,
77%
Boy,
77%
late
77%
miss
77%
think
77%
want.
77%
get
76%
Get
76%
how
76%
if
76%
about
75%
About
75%
much
75%
shut
74%
is
73%
tellin'
73%
friendly,
72%
cut
71%
Cut
71%
care
70%
funny.
70%
heard
70%
time
70%
can
69%
done.
69%
for
69%
guess
69%
try
69%
tryna
69%
been
68%
Well,
68%
why.
68%
busy
67%
enough.
66%
said
65%
songs.
64%
the
64%
goodbye.
63%
in
63%
movin'
63%
got
62%
have
62%
business.
61%
girl
61%
since
61%
already
60%
listen.
60%
wrong.
60%
cried
59%
find
59%
gone,
59%
was
58%
save
57%
who
57%
born
55%
knees.
55%
wants
55%
yesterday,
55%
and
50%
When
49%
when
49%
alcohol.
48%
made
47%
see
47%
best
45%
damn.
45%
decision.
45%
remember
42%
stop
42%
blamed
41%
caught
41%
over
41%
creepin'.
40%
weekend.
40%
bed,
38%
sleep
38%
beggin'
37%
keep
37%
were
35%
man.
34%
talk
33%
talk,
33%
back.
31%
position.
31%
Play
30%
switch
30%
victim
30%
ain't
29%
comin'
28%
sweet
28%
past.
27%
through,
23%
reminiscin'
19%
No matching quizzes found
Score Distribution
Percent of People with Each Score
Percentile by Number Answered
Your Score History
You have not taken this quiz